Práce na elektrických zařízeních a jejich obsluha : Ověřování odborné spůsobilosti /

Na minha lista:
Detalhes bibliográficos
Autor principal: Sajner, Jiří (Author)
Formato: Livro
Idioma:tcheco
Publicado em: Praha : SNTL, 1988
Edição:2.vyd.
Tags: Adicionar Tag
Sem tags, seja o primeiro a adicionar uma tag!

MARC

LEADER 00000nam a22000003a 4500
001 stu871
005 20150617225622.4
008 911210s1988----cs------------------cze-d
040 |a STU  |b slo 
041 0 |a cze 
044 |a cs 
080 |a 621.31.002 
100 1 |a Sajner, Jiří  |4 aut 
245 1 |a Práce na elektrických zařízeních a jejich obsluha :  |b Ověřování odborné spůsobilosti /  |c [aut.] Sajner,Jiří 
250 |a 2.vyd. 
260 |a Praha :  |b SNTL,  |c 1988 
300 |a 487 s 
996 |c I*3N3438  |l I  |s A  |a 24  |w stu871_0001 
996 |c I*3N3439  |l I  |s A  |a 24  |w stu871_0002 
996 |b E62392  |c E*62392  |l EE05  |s P  |a 0  |w stu871_0004 
996 |b E62393  |c E*62393  |l EE05  |s P  |a 0  |w stu871_0005 
996 |b E64256  |c E*64256  |l EE05  |s P  |a 0  |w stu871_0006